000 00410nam a2200157Ia 4500
008 160316s9999 xxu||||| |||| 00| 0 eng d
082 _a346.068300
_bGOS
100 _aGoswami Omkar
245 _aReport of the committee on industrial sickness and corporate restructuring
250 _a
260 _aNew Delhi
_bGovt. of India Press
_c0
300 _a 104p
_b
_c
365 _b
650 _a
700 _a
_a
999 _c25790
_d25790